[Event "Oberliga Baden 2223"]
[Site "Germany"]
[Date "2022.09.18"]
[Round "1.6"]
[White "Wehrle, Maximilian"]
[Black "Aizpurua, Patrick Emilio"]
[Result "1/2-1/2"]
[WhiteElo "1737"]
[BlackElo "2310"]
[PlyCount "80"]
[EventDate "2022.09.18"]
[EventType "team-tourn"]
[EventRounds "9"]
[EventCountry "GER"]
[SourceTitle "EXT 2024"]
[Source "ChessBase"]
[SourceDate "2023.10.10"]
[SourceVersion "1"]
[SourceVersionDate "2023.10.10"]
[SourceQuality "1"]
[WhiteTeam "Brombach"]
[BlackTeam "Viernheim II"]
[WhiteTeamCountry "GER"]
[BlackTeamCountry "GER"]

1. d4 Nf6 2. c4 e6 3. g3 d5 4. Bg2 Bb4+ 5. Bd2 Be7 6. Nf3 0-0 7. 0-0 Nbd7 8. Ne5 c6 9. Nxd7 Qxd7 10. Qc2 Rd8 11. c5 b6 12. b4 a5 13. cxb6 axb4 14. a4 Qb7 15. a5 Nd7 16. Qb2 Qa6 17. Bxb4 Bxb4 18. Qxb4 Nxb6 19. Nd2 Nd7 20. Rfb1 Qa7 21. Qc3 Ba6 22. e3 Rac8 23. Bf1 c5 24. Bxa6 Qxa6 25. Nb3 cxd4 26. Qxd4 Rc4 27. Qd2 Ne5 28. Qe2 h6 29. Nd4 Ra8 30. Kg2 Nd7 31. Ra2 g6 32. Rb5 e5 33. Rxd5 exd4 34. Rxd7 Qc6+ 35. Qf3 Qxd7 36. Qxa8+ Rc8 37. Qe4 d3 38. Rd2 Rc3 39. a6 Ra3 40. Qc4 Qa4 1/2-1/2

[Event "GER-chT U16"]
[Site "Kiel"]
[Date "2022.07.25"]
[Round "5.5"]
[White "Stark, Raphael"]
[Black "Wehrle, Maximilian"]
[Result "1/2-1/2"]
[WhiteElo "1667"]
[BlackElo "1739"]
[PlyCount "104"]
[EventDate "2022.07.22"]
[EventType "team-swiss"]
[EventRounds "7"]
[EventCountry "GER"]
[SourceTitle "CBM 209 Extra"]
[Source "ChessBase"]
[SourceDate "2022.09.30"]
[SourceVersion "1"]
[SourceVersionDate "2022.09.30"]
[SourceQuality "1"]
[WhiteTeam "Ansbach"]
[BlackTeam "Brombach"]
[WhiteTeamCountry "GER"]
[BlackTeamCountry "GER"]

1. Nc3 d5 2. e4 d4 3. Nce2 e5 4. Ng3 h5 5. Nxh5 g6 6. Ng3 f5 7. Bc4 f4 8. N3e2 Qg5 9. g3 f3 10. Nxf3 Qg4 11. Neg1 Qxe4+ 12. Qe2 Qxe2+ 13. Nxe2 Bd6 14. Nh4 Ne7 15. d3 Nbc6 16. Bg5 Rh5 17. Bd2 e4 18. 0-0-0 g5 19. Ng2 Bg4 20. Rde1 Bf3 21. Rhg1 Rxh2 22. Rh1 Rxh1 23. Rxh1 0-0-0 24. Rh7 Bxg2 25. Bxg5 exd3 26. cxd3 Re8 27. Nf4 Bxf4+ 28. Bxf4 Bd5 29. Bb5 a6 30. Ba4 b5 31. Bd1 Rf8 32. a3 Rf7 33. Rh8+ Kb7 34. Bh5 Rg7 35. Bh6 Rg8 36. Rh7 Nf5 37. Bf4 Rg7 38. Rh8 b4 39. Kd2 bxa3 40. bxa3 Nd6 41. Bh6 Rg8 42. Rh7 Nf5 43. Bf4 Rg7 44. Rh8 Kb6 45. Be2 Nfe7 46. Rh5 Be6 47. Rh1 Nd5 48. Rh6 Nxf4 49. gxf4 Bg4 50. f3 Bf5 51. Rf6 Bd7 52. Rf8 Ne7 1/2-1/2

[Event "GER-chT U16"]
[Site "Kiel"]
[Date "2022.07.25"]
[Round "6.5"]
[White "Wehrle, Maximilian"]
[Black "Andrade, Ruben"]
[Result "1-0"]
[WhiteElo "1739"]
[BlackElo "1614"]
[PlyCount "41"]
[EventDate "2022.07.22"]
[EventType "team-swiss"]
[EventRounds "7"]
[EventCountry "GER"]
[SourceTitle "CBM 209 Extra"]
[Source "ChessBase"]
[SourceDate "2022.09.30"]
[SourceVersion "1"]
[SourceVersionDate "2022.09.30"]
[SourceQuality "1"]
[WhiteTeam "Brombach"]
[BlackTeam "Tegernsee"]
[WhiteTeamCountry "GER"]
[BlackTeamCountry "GER"]

1. d4 d5 2. c4 e6 3. Nf3 Nf6 4. g3 Be7 5. Bg2 0-0 6. 0-0 Nbd7 7. Nfd2 c6 8. Nc3 b6 9. e4 dxc4 10. Nxc4 Bb7 11. e5 Nd5 12. Ne4 Ba6 13. b3 c5 14. Qg4 Kh8 15. Ng5 h6 16. Nxf7+ Rxf7 17. Qxe6 Rf8 18. Bxd5 Rc8 19. Bxh6 Bxc4 20. Bxc4 cxd4 21. Qg6 1-0

[Event "GER-chT U16"]
[Site "Kiel"]
[Date "2022.07.24"]
[Round "4.7"]
[White "Wehrle, Maximilian"]
[Black "Morgenthaler, Nick"]
[Result "1/2-1/2"]
[WhiteElo "1739"]
[BlackElo "1149"]
[PlyCount "61"]
[EventDate "2022.07.22"]
[EventType "team-swiss"]
[EventRounds "7"]
[EventCountry "GER"]
[SourceTitle "CBM 209 Extra"]
[Source "ChessBase"]
[SourceDate "2022.09.30"]
[SourceVersion "1"]
[SourceVersionDate "2022.09.30"]
[SourceQuality "1"]
[WhiteTeam "Brombach"]
[BlackTeam "Frankenthal"]
[WhiteTeamCountry "GER"]
[BlackTeamCountry "GER"]

1. d4 d5 2. c4 e6 3. Nf3 Nf6 4. g3 dxc4 5. Qa4+ Nbd7 6. Bg2 Nd5 7. Qxc4 c5 8. 0-0 N7b6 9. Qb3 Bd7 10. Nc3 cxd4 11. Nxd5 Ba4 12. Qd3 Nxd5 13. Qxd4 Bc6 14. Ne5 Qb6 15. Qxb6 axb6 16. Nxc6 bxc6 17. Be3 c5 18. Bd2 Ra7 19. a3 Be7 20. e4 Nc7 21. Bc3 0-0 22. Rfd1 Nb5 23. Be5 f6 24. Bf1 Nd4 25. Bxd4 cxd4 26. Rxd4 Bc5 27. Rd2 e5 28. Bc4+ Kh8 29. Rc2 Rd8 30. Bd5 g6 31. Kg2 1/2-1/2

[Event "GER-chT U16"]
[Site "Kiel"]
[Date "2022.07.23"]
[Round "1.1"]
[White "Roehr, Oliver"]
[Black "Wehrle, Maximilian"]
[Result "1-0"]
[WhiteElo "2088"]
[BlackElo "1739"]
[PlyCount "53"]
[EventDate "2022.07.22"]
[EventType "team-swiss"]
[EventRounds "7"]
[EventCountry "GER"]
[SourceTitle "CBM 209 Extra"]
[Source "ChessBase"]
[SourceDate "2022.09.30"]
[SourceVersion "1"]
[SourceVersionDate "2022.09.30"]
[SourceQuality "1"]
[WhiteTeam "Berlin Mattnetz"]
[BlackTeam "Brombach"]
[WhiteTeamCountry "GER"]
[BlackTeamCountry "GER"]

1. e4 c5 2. Nf3 e6 3. d4 cxd4 4. Nxd4 Nf6 5. Nc3 d6 6. g4 h6 7. Bg2 Nc6 8. Nb3 Be7 9. h4 e5 10. g5 hxg5 11. hxg5 Rxh1+ 12. Bxh1 Nh7 13. Qh5 Nxg5 14. Bxg5 Bxg5 15. Qh8+ Kd7 16. Qxg7 Qf6 17. Qxf6 Bxf6 18. 0-0-0 Bg5+ 19. Kb1 a6 20. Nd5 Rb8 21. Bf3 Ne7 22. Bg4+ Kc6 23. Na5+ Kb5 24. Bxc8 Nxc8 25. c4+ Kxa5 26. Rd3 Nb6 27. Ra3+ 1-0

[Event "GER-chT U16"]
[Site "Kiel"]
[Date "2022.07.23"]
[Round "2.9"]
[White "Wehrle, Maximilian"]
[Black "Eichhorn, Mathilda Sophie"]
[Result "1-0"]
[WhiteElo "1739"]
[BlackElo "1327"]
[PlyCount "77"]
[EventDate "2022.07.22"]
[EventType "team-swiss"]
[EventRounds "7"]
[EventCountry "GER"]
[SourceTitle "CBM 209 Extra"]
[Source "ChessBase"]
[SourceDate "2022.09.30"]
[SourceVersion "1"]
[SourceVersionDate "2022.09.30"]
[SourceQuality "1"]
[WhiteTeam "Brombach"]
[BlackTeam "Schott Jena"]
[WhiteTeamCountry "GER"]
[BlackTeamCountry "GER"]

1. d4 e6 2. c4 Nf6 3. g3 d5 4. Bg2 Be7 5. Nf3 0-0 6. Nc3 dxc4 7. Ne5 Nbd7 8. Nxc4 Nb6 9. b3 Nbd5 10. Nxd5 exd5 11. Ne5 c6 12. 0-0 Bf5 13. Bb2 Qc8 14. Rc1 Bh3 15. Re1 Bxg2 16. Kxg2 Re8 17. f3 Bd6 18. Qd3 Nd7 19. Nxd7 Qxd7 20. e4 dxe4 21. fxe4 Rad8 22. Qf3 Re6 23. e5 Bc7 24. Re4 f6 25. exf6 Rxf6 26. Qe3 Bb6 27. Re1 Qd5 28. Kg1 Rff8 29. Re7 Bxd4 30. Bxd4 Qxd4 31. Qxd4 Rxd4 32. Rxb7 Rf7 33. Re8+ Rf8 34. Ree7 Rfd8 35. Rxg7+ Kf8 36. Rxh7 Rd1+ 37. Kg2 R1d2+ 38. Kh3 Kg8 39. Rxa7 1-0

[Event "GER-ch U18"]
[Site "Willingen"]
[Date "2022.06.08"]
[Round "5"]
[White "Wehrle, Maximilian"]
[Black "Chen, Qingzhi Alexander"]
[Result "0-1"]
[WhiteElo "1786"]
[BlackElo "1879"]
[PlyCount "62"]
[EventDate "2022.06.04"]
[EventType "swiss"]
[EventRounds "9"]
[EventCountry "GER"]
[SourceTitle "CBM 208 Extra"]
[Source "ChessBase"]
[SourceDate "2022.07.31"]
[SourceVersion "1"]
[SourceVersionDate "2022.07.31"]
[SourceQuality "1"]

1. e4 c5 2. Nf3 d6 3. Bb5+ Nd7 4. d4 cxd4 5. Nxd4 Ngf6 6. 0-0 e6 7. c4 Nxe4 8. Re1 Nef6 9. Rxe6+ fxe6 10. Nxe6 Qe7 11. Nc7+ Kf7 12. Nxa8 Nc5 13. b4 Qe5 14. Nc3 Qxc3 15. Bd2 Qe5 16. bxc5 dxc5 17. g3 Qb8 18. Bf4 Qxa8 19. Qd8 a6 20. Ba4 b5 21. cxb5 axb5 22. Bxb5 Qb7 23. Rb1 Qe4 24. Bd3 Be7 25. Qxh8 Qxd3 26. Re1 Bh3 27. Qa8 Be6 28. a4 Bd5 29. Qa7 Be6 30. Qb6 Qd5 31. Qa7 Nd7 0-1

[Event "GER-chT School WK 3"]
[Site "Playchess.com INT"]
[Date "2020.06.15"]
[Round "3.1"]
[White "Wehrle, Maximilian"]
[Black "Speicher, Finn Johann"]
[Result "1-0"]
[WhiteElo "1757"]
[BlackElo "1565"]
[PlyCount "69"]
[EventDate "2020.06.15"]
[EventType "team-swiss (blitz)"]
[EventRounds "5"]
[EventCountry "GER"]
[SourceTitle "EXT 2021"]
[Source "ChessBase"]
[SourceDate "2020.10.23"]
[SourceVersion "1"]
[SourceVersionDate "2020.10.23"]
[SourceQuality "1"]
[WhiteTeam "Muelheim Markgraefler Gymn"]
[BlackTeam "Ottweiler Gymn"]
[WhiteTeamCountry "GER"]
[BlackTeamCountry "GER"]

1. e4 c5 2. b4 cxb4 3. c3 bxc3 4. Nxc3 e5 5. d3 Bb4 6. Qb3 Nc6 7. Bd2 Bxc3 8. Bxc3 Nf6 9. Nf3 0-0 10. Nxe5 Nxe5 11. Bxe5 d6 12. Bb2 d5 13. e5 Nd7 14. Be2 Nc5 15. Qb4 b6 16. d4 a5 17. Qd2 Ne4 18. Qc2 f6 19. f3 fxe5 20. fxe4 dxe4 21. Bc4+ Kh8 22. 0-0-0 Qe8 23. dxe5 Rf4 24. Kb1 Bf5 25. Ka1 e3 26. Qe2 Rc8 27. Bb5 Qe6 28. Qxe3 Rb4 29. Bd7 Qc4 30. Bxc8 Be6 31. Rd8+ Bg8 32. Rxg8+ Kxg8 33. Qc3 Qxc3 34. Bxc3 Rc4 35. Be6+ 1-0

[Event "GER-chT School WK 3"]
[Site "Playchess.com INT"]
[Date "2020.06.15"]
[Round "5.1"]
[White "Wendland, Julius"]
[Black "Wehrle, Maximilian"]
[Result "0-1"]
[WhiteElo "1643"]
[BlackElo "1757"]
[PlyCount "115"]
[EventDate "2020.06.15"]
[EventType "team-swiss (blitz)"]
[EventRounds "5"]
[EventCountry "GER"]
[SourceTitle "EXT 2021"]
[Source "ChessBase"]
[SourceDate "2020.10.23"]
[SourceVersion "1"]
[SourceVersionDate "2020.10.23"]
[SourceQuality "1"]
[WhiteTeam "Bonn Beethoven Gymn"]
[BlackTeam "Muelheim Markgraefler Gymn"]
[WhiteTeamCountry "GER"]
[BlackTeamCountry "GER"]

1. e4 c5 2. Nf3 e6 3. d4 cxd4 4. Nxd4 Nf6 5. Nc3 d6 6. Bg5 a5 7. Bc4 Be7 8. 0-0 h6 9. Be3 0-0 10. Be2 Nbd7 11. Nb3 b6 12. f4 Bb7 13. Qd3 Nc5 14. Nxc5 dxc5 15. Qxd8 Raxd8 16. Bd3 Rc8 17. e5 Nd5 18. Nxd5 exd5 19. Rf3 d4 20. Rg3 dxe3 21. Rxe3 c4 22. Be2 Bc5 23. Kf2 Bxe3+ 24. Kxe3 Bxg2 25. Kf2 Bb7 26. Kf1 f6 27. exf6 Rxf6 28. Kf2 Rxf4+ 29. Kg3 Rf7 30. c3 Be4 31. Bh5 Rf5 32. Re1 Rxh5 33. Rxe4 Rg5+ 34. Kf4 Rf8+ 35. Ke3 Rg2 36. h4 Rxb2 37. Rxc4 Rxa2 38. Kd4 Rd2+ 39. Ke4 Re8+ 40. Kf3 Rd6 41. Rc7 Rf6+ 42. Kg3 Re1 43. Kg2 Re4 44. Kg3 h5 45. Rc8+ Kh7 46. c4 Rg4+ 47. Kh3 Rf1 48. Kh2 Rxh4+ 49. Kg3 Rg4+ 50. Kh2 Rf2+ 51. Kh3 Rfg2 52. c5 h4 53. c6 R4g3+ 54. Kxh4 Rg6 55. Kh3 Rg1 56. Kh2 R1g5 57. Rh8+ Kxh8 58. c7 0-1

[Event "GER-ch U10"]
[Site "Willingen"]
[Date "2015.05.25"]
[Round "3"]
[White "Gehle, Joshua"]
[Black "Wehrle, Maximilian"]
[Result "0-1"]
[WhiteElo "948"]
[BlackElo "1108"]
[PlyCount "64"]
[EventDate "2015.05.24"]
[EventType "swiss"]
[EventRounds "11"]
[EventCountry "GER"]
[SourceTitle "CBM 166 Extra"]
[Source "ChessBase"]
[SourceDate "2015.06.18"]
[SourceVersion "1"]
[SourceVersionDate "2015.06.18"]
[SourceQuality "1"]

1. e4 e5 2. Nf3 Nc6 3. Bb5 a6 4. Ba4 d6 5. 0-0 Nf6 6. Re1 Be6 7. d3 h6 8. h3 Be7 9. c3 0-0 10. d4 Bd7 11. Bc2 Rb8 12. Nbd2 Qc8 13. Kh2 Ra8 14. Nf1 b5 15. Ng3 Rd8 16. Nh4 Nh7 17. Nhf5 Bf8 18. Qf3 Be8 19. Qg4 g5 20. h4 f6 21. Bb3+ Kh8 22. hxg5 fxg5 23. Bd5 Rb8 24. b3 Ne7 25. Bb2 Nxd5 26. exd5 exd4 27. Nxd4 Qxg4 28. f3 Qc8 29. c4 bxc4 30. Ndf5+ Kg8 31. Bg7 Bg6 32. Nxh6+ Kxg7 0-1